000 00501nam a2200169Ia 4500
008 240729s9999 xx 000 0 und d
022 _a2069-3508
245 0 _aHyperion International Journal of Econophysics & New Economy
260 _aRomania
260 _bHyperion University
650 _a Economic theory. Demography
650 _a Economics as a science
650 _aSocial Sciences
856 _uhttps://doaj.org/toc/7e9182c05e1b4c0db75b0ed193c1e0fa
942 _2ddc
942 _cDOAJEJ
999 _c71092
_d71092
945 _a1
_bMadushi Gamage
_c1
_dMadushi Gamage